[Event "TCh-FRA Top 16"]
[Site "Asnieres sur Seine FRA"]
[Date "2006.05.04"]
[Round "8"]
[White "Delorme,L"]
[Black "Levacic,D"]
[Result "0-1"]
[WhiteElo "2064"]
[BlackElo "2283"]
[EventDate "2006.03.03"]

1. e4 g6 2. d4 Bg7 3. Nc3 d6 4. Be3 c6 5. h3 b5 6. Bd3 Nd7 7. Qd2 Bb7 8. f4
a6 9. Nf3 c5 10. a3 cxd4 11. Bxd4 Bxd4 12. Nxd4 Qb6 13. Nb3 Ngf6 14. O-O-O
Rc8 15. Rde1 O-O 16. Rhg1 Rc7 17. g4 Rfc8 18. g5 Nh5 19. Be2 b4 20. axb4
Qxb4 21. Bxh5 gxh5 22. Rg3 Nb6 23. f5 h4 24. Rg4 Rxc3 25. bxc3 Rxc3 26. Re3
Qa3+ 27. Kd1 Rxe3 28. Qxe3 Nc4 29. Qc3 Ne5 30. Rxh4 Qa4 31. Qc7 Qc4 32.
Qd8+ Kg7 33. f6+ exf6 34. Qxf6+ Kg8 35. Qf5 Ng6 36. Rh6 Bxe4 37. Qf2 Qd5+
38. Qd2 Qe5 39. h4 d5 40. h5 Nf4 41. Nd4 Qxg5 42. Rxa6 Qg1+ 43. Qe1 Qxd4+
44. Kc1 Nxh5 45. Qh4 Qe3+ 46. Kb2 Qd4+ 47. Kc1 Qc5 48. Qd8+ Kg7 49. Qg5+
Bg6 50. Ra2 Nf6 51. Qd2 h5 52. Ra5 Qg1+ 53. Kb2 Qb6+ 54. Kc1 h4 55. Ra4
Qg1+ 56. Kb2 Qg3 57. Ra3 Qe5+ 58. Kc1 Ne4 59. Qb4 d4 60. Ra8 Nc3 61. Kb2
Qb5 62. Rb8 Qxb4+ 63. Rxb4 Ne2 64. Rb3 Bf5 65. Rf3 Bg4 66. Rf2 Kg6 67. Kb3
f5 68. Kc4 Kg5 0-1

[Event "TCh-FRA Top 16"]
[Site "Asnieres sur Seine FRA"]
[Date "2006.05.04"]
[Round "8"]
[White "Guidarelli,L"]
[Black "Milov,V"]
[Result "0-1"]
[WhiteElo "2462"]
[BlackElo "2638"]
[EventDate "2006.03.03"]

1. e4 c5 2. Nf3 e6 3. d4 cxd4 4. Nxd4 a6 5. Bd3 Ne7 6. c4 Nbc6 7. Nc2 Ng6
8. O-O Bc5 9. Kh1 e5 10. Nc3 O-O 11. Nd5 d6 12. Qh5 Nce7 13. Bg5 f6 14. Be3
Nxd5 15. exd5 f5 16. b4 Ba7 17. Be2 Bd7 18. g3 Qf6 19. Bxa7 Rxa7 20. f4
exf4 21. gxf4 Ba4 22. Bd3 Nxf4 23. Qf3 Nxd3 24. Qxd3 Bxc2 25. Qxc2 a5 26.
bxa5 Rxa5 27. Rab1 Qf7 28. Rb3 Rc5 29. Rfb1 Rc7 30. Rb6 Qe7 31. Qg2 f4 32.
Qf3 h6 33. c5 Rxc5 34. Rxb7 Qe5 35. Rg1 Rf7 36. Rxf7 Kxf7 37. Rf1 g5 38.
Rd1 Rc3 39. Qg4 Kf6 40. Qh5 Qe4+ 41. Kg1 Qe3+ 42. Kh1 Qf3+ 43. Qxf3 Rxf3
44. Re1 Re3 45. Rxe3 fxe3 46. Kg2 Ke5 0-1

[Event "TCh-FRA Top 16"]
[Site "Asnieres sur Seine FRA"]
[Date "2006.05.04"]
[Round "8"]
[White "Rowson,J"]
[Black "Boudre,JP"]
[Result "1-0"]
[WhiteElo "2599"]
[BlackElo "2334"]
[EventDate "2006.03.03"]

1. d4 d5 2. c4 c6 3. Nf3 Nf6 4. Nc3 e6 5. Bg5 h6 6. Bxf6 Qxf6 7. e3 Nd7 8.
Bd3 dxc4 9. Bxc4 g6 10. O-O Qe7 11. e4 Bg7 12. e5 O-O 13. Qe2 b6 14. Rfe1
Bb7 15. Ba6 Rab8 16. Bxb7 Rxb7 17. Rac1 Nb8 18. Ne4 Rd7 19. h4 Rfd8 20. g3
Rd5 21. Qe3 Na6 22. Rxc6 Nb4 23. Rc4 b5 24. Nf6+ Bxf6 25. exf6 Qf8 26. Rc7
Rf5 27. Qe4 Nd5 28. Rxa7 Nxf6 29. Qe2 Ra8 30. Rxa8 Qxa8 31. Ne5 Qxa2 32.
Qxb5 Qa7 33. Qc4 Kg7 34. Nc6 Qc7 35. Re5 Rxe5 36. dxe5 Nd5 37. Qc5 Qb7 38.
b4 Qa6 39. b5 Qa1+ 40. Kg2 Qb1 41. Nd4 Qe4+ 42. Nf3 Qb1 43. Nd2 Qd3 44. Nc4
Qe4+ 45. Kh2 g5 46. hxg5 hxg5 47. Nd6 Qh7+ 48. Kg2 Qh5 49. Qd4 1-0

[Event "TCh-FRA Top 16"]
[Site "Asnieres sur Seine FRA"]
[Date "2006.05.04"]
[Round "8"]
[White "Meynard,T"]
[Black "Nijboer,F"]
[Result "1-0"]
[WhiteElo "2234"]
[BlackElo "2571"]
[EventDate "2006.03.03"]

1. d4 f5 2. Bg5 g6 3. e3 Bg7 4. Bc4 Nf6 5. Nd2 e6 6. c3 h6 7. Bh4 Nc6 8. f4
d6 9. Ngf3 Bd7 10. O-O Qe7 11. b4 Nd8 12. Qc2 Nf7 13. e4 fxe4 14. Nxe4 g5
15. fxg5 hxg5 16. Bxg5 O-O-O 17. Rae1 Nxg5 18. Nexg5 d5 19. Bd3 Nh5 20.
Nxe6 Bxe6 21. Rxe6 Qd7 22. Ng5 Rdf8 23. Rxf8+ Rxf8 24. Bf5 Kb8 25. Rf6 Qe7
26. Rxf8+ Bxf8 27. Ne6 Nf4 28. Qf2 Nxe6 29. Bxe6 Bh6 30. Qf5 a5 31. a3 Bc1
32. Qxd5 Bxa3 33. bxa5 Bd6 34. g3 Qh7 35. Bf5 Qh6 36. a6 bxa6 37. Be4 Kc8
38. Qg8+ Bf8 39. Kg2 a5 40. Qf7 Kd8 41. h4 Qd6 42. Qb3 c5 43. Qb5 cxd4 44.
Qxa5+ Ke7 45. Qa7+ 1-0

[Event "TCh-FRA Top 16"]
[Site "Asnieres sur Seine FRA"]
[Date "2006.05.04"]
[Round "8"]
[White "Bissieres,M"]
[Black "Marzolo,C"]
[Result "0-1"]
[WhiteElo "2206"]
[BlackElo "2393"]
[EventDate "2006.03.03"]

1. e4 e6 2. d4 c5 3. c3 d5 4. e5 Qb6 5. Nf3 Nc6 6. a3 Nh6 7. b4 cxd4 8.
cxd4 Nf5 9. Bb2 Be7 10. Bd3 a5 11. Bxf5 exf5 12. Nc3 Be6 13. b5 a4 14. O-O
Na5 15. Qxa4 O-O 16. Qc2 Rfc8 17. a4 Nc4 18. Qb3 g5 19. Rfd1 Nxb2 20. Qxb2
Rc4 21. Nd2 Rxd4 22. Nb3 Rb4 23. Nxd5 Bxd5 24. Rxd5 Qe6 25. Rad1 Raxa4 26.
Qc2 Re4 27. g3 Rac4 28. Qb2 b6 29. Kg2 f4 30. f3 Re3 31. R1d3 Rb4 32. Qc2
Rxe5 33. Rxe5 Qxe5 34. Qc8+ Kg7 35. Qc2 fxg3 36. hxg3 Qxb5 37. Nd4 Rb2 38.
Nxb5 Rxc2+ 39. Kh3 Bc5 40. Nc3 f5 0-1

[Event "TCh-FRA Top 16"]
[Site "Asnieres sur Seine FRA"]
[Date "2006.05.04"]
[Round "8"]
[White "Nezar,M"]
[Black "Pieroni,G"]
[Result "1-0"]
[WhiteElo "2394"]
[BlackElo "2158"]
[EventDate "2006.03.03"]

1. d4 e6 2. e4 d5 3. Nd2 Nf6 4. e5 Nfd7 5. c3 c5 6. f4 Nc6 7. Ndf3 Qa5 8.
a3 Nb6 9. dxc5 Qxc5 10. Bd3 Bd7 11. Ng5 g6 12. N1f3 h6 13. Nh3 d4 14. Nf2
dxc3 15. b4 Qd5 16. Ne4 c2 17. Qd2 O-O-O 18. Nc3 Qb3 19. Bxc2 Qc4 20. Bd3
1-0

[Event "TCh-FRA Top 16"]
[Site "Asnieres sur Seine FRA"]
[Date "2006.05.04"]
[Round "8"]
[White "Salus,S"]
[Black "Taddei,B"]
[Result "1-0"]
[WhiteElo "2184"]
[BlackElo "2266"]
[EventDate "2006.03.03"]

1. g3 g6 2. c4 Bg7 3. Nc3 d6 4. Bg2 Nf6 5. e4 Nc6 6. Nge2 h5 7. d4 a6 8. h3
Bd7 9. Bg5 Qc8 10. Rc1 Rb8 11. Nd5 Nh7 12. Be3 e6 13. Ndf4 e5 14. Nd5 Nf8
15. c5 dxc5 16. dxe5 Bxe5 17. Bxc5 Ne6 18. Ba3 Bg7 19. f4 f5 20. exf5 gxf5
21. Qd3 Rh6 22. O-O Ned8 23. Nec3 Kf7 24. h4 b5 25. Bc5 Nb7 26. Bf2 Nd6 27.
Ne3 Nd8 28. Rfe1 c6 29. b3 N8b7 30. Ncd5 Qd8 31. Nb4 Ne4 32. Nxf5 Bxf5 33.
Qxd8 Rxd8 34. Bxe4 Bxe4 35. Rxe4 c5 36. Rce1 Rd7 37. Nd3 Rxd3 38. Re7+ Kf8
39. Re8+ Kf7 40. R1e7+ Kf6 41. Rxb7 Rg6 42. Ree7 c4 43. Rf7+ Ke6 44. f5+
1-0

[Event "TCh-FRA Top 16"]
[Site "Asnieres sur Seine FRA"]
[Date "2006.05.04"]
[Round "8"]
[White "Ruest,O"]
[Black "Gourion,D"]
[Result "1-0"]
[WhiteElo "2109"]
[BlackElo "2046"]
[EventDate "2006.03.03"]

1. d4 Nf6 2. Nf3 c5 3. d5 b5 4. c4 bxc4 5. Nc3 d6 6. Nd2 g6 7. e4 Bg7 8.
Bxc4 O-O 9. O-O Nbd7 10. Re1 Nb6 11. Bf1 a5 12. a4 Ne8 13. Ra3 Nc7 14. Nc4
Nxc4 15. Bxc4 Na6 16. Nb5 Nb4 17. f4 Bd7 18. Kh1 Bxb5 19. axb5 Qc7 20. Rae3
Rfe8 21. b3 Qd7 22. Bd2 Bd4 23. Rh3 a4 24. Bxb4 a3 25. Bc3 Qxh3 26. Bxd4
Qd7 27. Ba1 e6 28. Qd2 e5 29. fxe5 dxe5 30. Qg5 Qd8 31. Qh6 Qa5 32. Rf1 Ra7
33. Qe3 Qb6 34. Qf2 Rd7 35. b4 Rc7 36. d6 Qxd6 37. Bxf7+ 1-0

[Event "TCh-FRA Top 16"]
[Site "Asnieres sur Seine FRA"]
[Date "2006.05.05"]
[Round "9"]
[White "Vallejo Pons,F"]
[Black "Degraeve,JM"]
[Result "1-0"]
[WhiteElo "2650"]
[BlackElo "2553"]
[EventDate "2006.03.03"]

1. e4 e6 2. d4 d5 3. Nc3 Nf6 4. e5 Nfd7 5. f4 c5 6. Nf3 Nc6 7. Be3 Qb6 8.
Na4 Qa5+ 9. c3 c4 10. b4 Qc7 11. a3 Be7 12. Be2 b5 13. Nc5 a5 14. O-O O-O
15. Qd2 axb4 16. axb4 Rxa1 17. Rxa1 Nxc5 18. dxc5 Bb7 19. Rf1 Ra8 20. Nd4
Nxd4 21. Bxd4 Qd8 22. g3 Ra6 23. Bd1 Qa8 24. Bc2 Ra2 25. Rf2 Ra1+ 26. Kg2
Bc8 27. Qe3 Qa3 28. f5 Qc1 29. Qxc1 Rxc1 30. h4 f6 31. fxe6 Bxe6 32. Bf5
Bxf5 33. Rxf5 Rc2+ 34. Kh3 g6 35. c6 Ra2 36. Rf2 1-0

[Event "TCh-FRA Top 16"]
[Site "Asnieres sur Seine FRA"]
[Date "2006.05.05"]
[Round "9"]
[White "Grischuk,A"]
[Black "Eliet,N"]
[Result "1-0"]
[WhiteElo "2717"]
[BlackElo "2434"]
[EventDate "2006.03.03"]

1. e4 c5 2. Nf3 a6 3. Nc3 b5 4. d4 cxd4 5. Nxd4 Bb7 6. Bd3 e6 7. O-O Ne7 8.
Bg5 f6 9. Be3 Nbc6 10. Nb3 Ng6 11. f4 Be7 12. f5 Nge5 13. Qh5+ g6 14. Qh3
Kf7 15. a4 b4 16. Ne2 Nxd3 17. cxd3 exf5 18. exf5 g5 19. d4 Na5 20. Nc5 Bd5
21. Bxg5 Bxc5 22. Qh5+ Ke7 23. dxc5 Qg8 24. Bxf6+ Kxf6 25. Qh6+ Kf7 26. Nf4
Bc6 27. Qh5+ Ke7 28. Qh4+ Kf7 29. Rae1 Re8 30. Ng6 hxg6 31. fxg6+ Kg7 32.
Qf6+ 1-0

[Event "TCh-FRA Top 16"]
[Site "Asnieres sur Seine FRA"]
[Date "2006.05.05"]
[Round "9"]
[White "Rausis,I"]
[Black "Fressinet,L"]
[Result "1/2-1/2"]
[WhiteElo "2506"]
[BlackElo "2625"]
[EventDate "2006.03.03"]

1. d4 d5 2. Nf3 Nf6 3. c4 c6 4. Nc3 dxc4 5. a4 Bf5 6. e3 e6 7. Bxc4 Bb4 8.
O-O O-O 9. Qe2 Bg4 10. h3 Bh5 11. g4 Bg6 12. Ne5 Nbd7 13. Nxg6 hxg6 14. Rd1
Qa5 15. Na2 Bd6 16. Bd2 Qc7 17. b4 e5 18. dxe5 Nxe5 19. Bb3 g5 20. Be1 Rad8
21. Rd4 c5 22. bxc5 Bxc5 23. Rxd8 Rxd8 24. Rd1 Re8 25. Nc3 Bb4 26. Nd5 Nxd5
27. Bxd5 Bxe1 28. Rxe1 Qa5 29. Bxb7 Rb8 30. Bg2 Qxa4 31. Qd2 a5 32. Rc1 Qa3
33. Rc3 Qe7 34. Qd4 Qf6 35. Rc1 Rb4 36. Qc5 Rb2 37. Rf1 a4 38. Qa3 g6 39.
Qxa4 Nd3 40. Qa8+ Kg7 41. Qf3 Qc3 42. Qc6 Qxc6 43. Bxc6 f5 44. gxf5 gxf5
45. Bd5 Kf6 46. Bc4 Ne5 47. Bd5 Nd3 48. Bc4 Ne5 49. Bd5 1/2-1/2

[Event "TCh-FRA Top 16"]
[Site "Asnieres sur Seine FRA"]
[Date "2006.05.05"]
[Round "9"]
[White "Bacrot,E"]
[Black "Beikert,G"]
[Result "1/2-1/2"]
[WhiteElo "2717"]
[BlackElo "2428"]
[EventDate "2006.03.03"]

1. d4 d5 2. c4 e6 3. Nf3 c6 4. Nbd2 Nf6 5. g3 c5 6. cxd5 exd5 7. dxc5 Bxc5
8. Nb3 Bb6 9. Bg2 Nc6 10. O-O O-O 11. Bf4 Qe7 12. Rc1 Bf5 13. Nfd4 Nxd4 14.
Nxd4 Be4 15. Bh3 Qb4 16. Nb3 Qe7 17. a4 a5 18. Nd2 Nh5 19. Bd6 Qxd6 20.
Nxe4 Qe5 21. Nc5 Nf6 22. Nd3 Qd6 23. Qb3 Rad8 24. Rfd1 Rfe8 25. Rc2 Ne4 26.
Bg2 Qf6 27. Rf1 h5 28. Kh1 h4 29. gxh4 Ba7 30. Qxb7 Bb8 31. f4 Qxh4 32.
Bxe4 dxe4 33. Ne5 Re7 34. Qb3 Bxe5 35. fxe5 e3 36. Qxe3 Qxa4 37. Rc5 Qb4
38. Qc3 Qxc3 39. bxc3 Ra8 40. Ra1 a4 41. Ra3 f6 42. exf6 gxf6 43. Rc4 Rxe2
44. Rcxa4 Rxa4 45. Rxa4 Rc2 46. Rc4 Kf7 47. h4 Kg6 48. Kg1 Kh5 49. Kf1 f5
50. Ke1 f4 1/2-1/2

[Event "TCh-FRA Top 16"]
[Site "Asnieres sur Seine FRA"]
[Date "2006.05.05"]
[Round "9"]
[White "Midoux,S"]
[Black "Lautier,J"]
[Result "1/2-1/2"]
[WhiteElo "2314"]
[BlackElo "2682"]
[EventDate "2006.03.03"]

1. e4 c5 2. Nf3 Nc6 3. Bb5 d6 4. Bxc6+ bxc6 5. O-O Bg4 6. h3 Bh5 7. e5 dxe5
8. g4 e4 9. gxh5 exf3 10. Nc3 e6 11. Qxf3 Nf6 12. b3 Rc8 13. Re1 Nd5 14.
Bb2 Be7 15. Ne4 Nf6 16. Rad1 Nxe4 17. Rxe4 Bf6 18. Bxf6 Qxf6 19. Qxf6 gxf6
20. Kh2 Rg8 21. Rg4 Ke7 22. Rdg1 Rgd8 23. d3 Rd4 24. Rg8 Rf8 25. h6 Rf4 26.
Rxf8 Kxf8 27. Kg2 f5 28. Re1 Ke7 29. Kg3 Rd4 30. f4 Rd8 31. Kf3 Rg8 32. Re2
f6 33. h4 Kd6 34. Rg2 Rxg2 35. Kxg2 Kd5 36. c3 e5 37. Kf3 Ke6 38. Ke3 Kf7
39. h5 Ke6 40. Kf3 Kd6 41. Ke3 Kd5 42. Kf3 Kd6 43. Ke3 Kc7 44. Kf3 a5 45.
Ke3 a4 46. Kf3 a3 47. Ke3 Kd6 48. Kf3 Ke6 49. Ke3 Kd5 50. Kf3 1/2-1/2

[Event "TCh-FRA Top 16"]
[Site "Asnieres sur Seine FRA"]
[Date "2006.05.05"]
[Round "9"]
[White "Vachier Lagrave,M"]
[Black "Vallin,G"]
[Result "1-0"]
[WhiteElo "2542"]
[BlackElo "2414"]
[EventDate "2006.03.03"]

1. e4 e6 2. d4 d5 3. Nd2 Nf6 4. e5 Nfd7 5. Bd3 c5 6. c3 b6 7. f4 Ba6 8. Bb1
Qc7 9. Ne2 Nc6 10. Nf3 Be7 11. f5 cxd4 12. cxd4 exf5 13. Nf4 Nb4 14. Bd2 g5
15. a3 gxf4 16. axb4 Bb5 17. Bxf5 Nf8 18. Rc1 Qd8 19. Bxf4 Ne6 20. Bd2 Ng7
21. Bh3 O-O 22. Kf2 f6 23. Re1 fxe5 24. dxe5 Bh4+ 25. g3 Bd3 26. Kg1 Be7
27. Bh6 Be4 28. Nd4 Rf7 29. Ne6 1-0

[Event "TCh-FRA Top 16"]
[Site "Asnieres sur Seine FRA"]
[Date "2006.05.05"]
[Round "9"]
[White "Ferry,J"]
[Black "Collas,S"]
[Result "0-1"]
[WhiteElo "1860"]
[BlackElo "2398"]
[EventDate "2006.03.03"]

1. d4 Nf6 2. c4 e6 3. Nf3 d5 4. g3 dxc4 5. Bg2 Nc6 6. Qa4 Bb4+ 7. Bd2 Nd5
8. Ne5 Bd7 9. Nxc6 Bxc6 10. Qc2 O-O 11. O-O Bxd2 12. Nxd2 b5 13. Ne4 Qe7
14. a3 Rad8 15. Rfd1 Ba8 16. Nc5 e5 17. e3 Rd6 18. a4 a6 19. axb5 axb5 20.
Ra5 exd4 21. exd4 Nb4 22. Qc3 Bxg2 23. Kxg2 Nd5 24. Qc1 Qe8 25. Re1 Qc6 26.
Kg1 Nf6 27. Qf4 Rfd8 28. Ra6 Qd5 29. Re5 Qxd4 0-1

[Event "TCh-FRA Top 16"]
[Site "Asnieres sur Seine FRA"]
[Date "2006.05.05"]
[Round "9"]
[White "Agrest,E"]
[Black "Nisipeanu,LD"]
[Result "1/2-1/2"]
[WhiteElo "2591"]
[BlackElo "2693"]
[EventDate "2006.03.03"]

1. Nf3 c5 2. c4 g6 3. d4 Bg7 4. e4 Qb6 5. dxc5 Qxc5 6. Be2 Nc6 7. Nfd2 d6
8. Nb3 Qb6 9. Be3 Qd8 10. Qd2 a5 11. O-O Nf6 12. Nc3 a4 13. Nd4 O-O 14. f3
Nxd4 15. Bxd4 Qa5 16. Rfd1 Be6 17. Rab1 Nd7 18. Be3 Rfc8 19. Nd5 Qxd2 20.
Rxd2 Kf8 1/2-1/2

[Event "TCh-FRA Top 16"]
[Site "Asnieres sur Seine FRA"]
[Date "2006.05.05"]
[Round "9"]
[White "Bauer,Ch"]
[Black "Delchev,A"]
[Result "1/2-1/2"]
[WhiteElo "2627"]
[BlackElo "2661"]
[EventDate "2006.03.03"]

1. d4 Nf6 2. c4 e6 3. Nf3 d5 4. g3 Bb4+ 5. Bd2 Be7 6. Bg2 O-O 7. O-O c6 8.
Bf4 Nbd7 9. Qd3 b6 10. Nc3 Ba6 11. b3 Rc8 12. Rfd1 c5 13. a4 dxc4 14. bxc4
Nd5 15. Nb5 Nxf4 16. gxf4 Bxb5 17. axb5 Qc7 18. d5 exd5 19. Qxd5 Bf6 20.
Rab1 Rfd8 21. Qd6 Ne5 22. Qxc7 Nxf3+ 23. Bxf3 Rxd1+ 24. Rxd1 Rxc7 25. Kg2
Kf8 26. Kg3 Ke7 27. Rd3 Rd7 28. Bd5 g6 29. f5 Kf8 30. fxg6 hxg6 31. f4 g5
32. fxg5 Bxg5 33. Kg4 Bf6 34. Kf5 Bg7 35. e4 Re7 36. Bc6 Bd4 37. h4 Re5+
38. Kg4 Re6 39. Rg3 Re7 40. Bd5 Kg7 41. Rf3 f6 42. Rg3 Kh6 43. Kf5 Rg7 44.
Rxg7 Kxg7 45. Ke6 Kh6 46. Kd7 1/2-1/2

[Event "TCh-FRA Top 16"]
[Site "Asnieres sur Seine FRA"]
[Date "2006.05.05"]
[Round "9"]
[White "Vaisser,A"]
[Black "Pelletier,Y"]
[Result "1/2-1/2"]
[WhiteElo "2573"]
[BlackElo "2579"]
[EventDate "2006.03.03"]

1. d4 Nf6 2. Nf3 d5 3. c4 e6 4. e3 Be7 5. Nbd2 O-O 6. cxd5 exd5 7. Bd3 b6
8. O-O Bb7 9. Ne5 c5 10. b3 Nbd7 11. Bb2 a6 12. Nxd7 Qxd7 13. Rc1 Qe6 14.
Re1 Rac8 15. Qe2 Rfd8 16. Rc2 a5 17. a4 1/2-1/2

[Event "TCh-FRA Top 16"]
[Site "Asnieres sur Seine FRA"]
[Date "2006.05.05"]
[Round "9"]
[White "Stefanova,A"]
[Black "Dunis,A"]
[Result "1-0"]
[WhiteElo "2499"]
[BlackElo "2534"]
[EventDate "2006.03.03"]

1. d4 d5 2. c4 c6 3. cxd5 cxd5 4. Bf4 Nc6 5. Nc3 Nf6 6. e3 a6 7. Bd3 Bg4 8.
Nge2 e6 9. Rc1 Be7 10. O-O O-O 11. Na4 Rc8 12. f3 Bh5 13. Nc5 Qb6 14. Qd2
Nb4 15. Bb1 Bg6 16. a3 Bxb1 17. Rxb1 Nc6 18. b4 Qa7 19. Bg3 b6 20. Nd3 Ne8
21. e4 dxe4 22. fxe4 Nf6 23. Qe3 b5 24. h3 Rfd8 25. Bf2 e5 26. Qf3 exd4 27.
e5 Nd5 28. Rbc1 Qd7 29. Bxd4 Bg5 30. Nc5 Qe7 31. Rcd1 Nxd4 32. Nxd4 Ne3 33.
Nc6 Rxc6 34. Rxd8+ Qxd8 35. Qxf7+ 1-0

[Event "TCh-FRA Top 16"]
[Site "Asnieres sur Seine FRA"]
[Date "2006.05.05"]
[Round "9"]
[White "Nikolaidis,I"]
[Black "David,Alb"]
[Result "1/2-1/2"]
[WhiteElo "2525"]
[BlackElo "2591"]
[EventDate "2006.03.03"]

1. d4 d5 2. c4 c6 3. Nf3 Nf6 4. e3 e6 5. Bd3 dxc4 6. Bxc4 c5 7. O-O a6 8.
b3 b6 9. dxc5 Qxd1 10. Rxd1 Bxc5 11. Nc3 Nbd7 12. Bb2 Bb7 13. Be2 Be7 14.
Nd2 b5 15. f3 Nc5 16. e4 O-O 17. b4 Ncd7 18. a3 Nb6 19. Nb3 Rac8 20. Rac1
1/2-1/2

[Event "TCh-FRA Top 16"]
[Site "Asnieres sur Seine FRA"]
[Date "2006.05.05"]
[Round "9"]
[White "Apicella,M"]
[Black "Sharif,Me"]
[Result "1/2-1/2"]
[WhiteElo "2519"]
[BlackElo "2467"]
[EventDate "2006.03.03"]

1. e4 e6 2. d4 d5 3. Nc3 dxe4 4. Nxe4 Nd7 5. Nf3 Ngf6 6. Nxf6+ Nxf6 7. Bg5
h6 8. Bh4 c5 9. Ne5 Qa5+ 10. c3 cxd4 11. Qxd4 Bc5 12. Qf4 Bd6 13. Bg3 O-O
14. Be2 Nd7 15. Nc4 Bxf4 16. Nxa5 Bxg3 17. hxg3 Nc5 18. Rh4 e5 19. O-O-O
Be6 20. Bc4 e4 21. Nb3 Bxc4 22. Nxc5 b6 23. Nxe4 Bxa2 24. Kc2 Be6 25. Nd6
h5 26. Rd2 g6 27. c4 Rfd8 28. Kc3 Rd7 29. Rhd4 Kf8 30. b3 Ke7 31. Nb5 Rxd4
32. Rxd4 a6 33. Nc7 Ra7 34. Nxe6 Kxe6 35. Rd8 Rc7 36. b4 a5 37. bxa5 bxa5
38. Ra8 Rc5 39. Kd4 Rf5 40. Ra6+ 1/2-1/2

[Event "TCh-FRA Top 16"]
[Site "Asnieres sur Seine FRA"]
[Date "2006.05.05"]
[Round "9"]
[White "Feller,S"]
[Black "Bagheri,A"]
[Result "1/2-1/2"]
[WhiteElo "2301"]
[BlackElo "2521"]
[EventDate "2006.03.03"]

1. Nf3 Nf6 2. c4 c6 3. d4 d5 4. Nc3 a6 5. e3 b5 6. c5 g6 7. Ne5 Bg7 8. Be2
O-O 9. O-O Ne4 10. Nd3 Nxc3 11. bxc3 Bf5 12. a4 Bxd3 13. Bxd3 Nd7 14. Bd2
e5 15. Qb3 Bh6 16. Ra3 e4 17. Be2 Rc8 18. axb5 axb5 19. Ra7 f5 20. g3 Rf7
21. Rfa1 Bg5 22. R1a6 Nb8 23. Ra3 Rxa7 24. Rxa7 Rc7 25. Ra8 Rc8 26. Qa2 h5
27. Bc1 Nd7 28. Ra7 Rc7 29. Ra6 Kg7 30. Ba3 Nf8 31. Bb4 Qd7 32. Qa5 Bd8 33.
Qb6 Rc8 34. Qa7 Rc7 35. Qb8 Rc8 36. Qa7 Rc7 37. Qb8 Rc8 38. Qa7 Rc7 39. Qb8
Rc8 1/2-1/2

[Event "TCh-FRA Top 16"]
[Site "Asnieres sur Seine FRA"]
[Date "2006.05.05"]
[Round "9"]
[White "Koch,JR"]
[Black "Bujisho,B"]
[Result "1/2-1/2"]
[WhiteElo "2441"]
[BlackElo "2386"]
[EventDate "2006.03.03"]

1. e4 e6 2. d3 d5 3. Nd2 c5 4. g3 Nc6 5. Bg2 Nge7 6. Ngf3 g6 7. O-O Bg7 8.
Re1 h6 9. c3 b6 10. exd5 exd5 11. d4 cxd4 12. Nxd4 Nxd4 13. cxd4 O-O 14.
Nc4 Bb7 15. Ne5 Nc6 16. Bf4 Re8 17. Qa4 g5 18. Nxc6 Qd7 19. Rxe8+ Rxe8 20.
Qxa7 gxf4 21. Ne5 Bxe5 22. dxe5 fxg3 23. hxg3 Qc6 24. Qa3 Rxe5 25. Qb4 Qf6
26. Rd1 h5 27. Rd2 Kg7 28. a4 Kg8 29. Kh2 Kg7 30. Qd4 Bc6 31. b3 Rf5 32.
Qxb6 h4 33. Qd4 Qxd4 34. Rxd4 Rxf2 35. gxh4 Rb2 36. b4 Bxa4 37. Kg3 Bb3 38.
Bf1 Bc4 39. Bxc4 Rxb4 40. Rg4+ Kh8 41. Bxd5 Rxg4+ 42. Kxg4 f5+ 43. Kxf5
1/2-1/2

[Event "TCh-FRA Top 16"]
[Site "Asnieres sur Seine FRA"]
[Date "2006.05.05"]
[Round "9"]
[White "Nicoara,M"]
[Black "Milliet,S"]
[Result "0-1"]
[WhiteElo "2237"]
[BlackElo "2328"]
[EventDate "2006.03.03"]

1. d4 d5 2. c4 c6 3. Nf3 Nf6 4. Qc2 g6 5. cxd5 cxd5 6. Bf4 Nc6 7. Nc3 Bg7
8. e3 O-O 9. Bb5 Bf5 10. Qa4 Na5 11. b4 a6 12. Be2 Rc8 13. bxa5 Rxc3 14.
Qb4 Qc8 15. O-O Re8 16. h3 Bf8 17. Ne5 e6 18. Qb6 Nd7 19. Nxd7 Qxd7 20.
Rfc1 Rec8 21. Rxc3 Rxc3 22. g4 Be4 23. f3 Bc2 24. Kf2 Qc8 25. h4 Be7 26. g5
Bf5 27. Kg3 Ba3 28. Rh1 Rc2 29. Rh2 Rb2 30. Qa7 Bb4 31. Rg2 Bxa5 32. h5 Bb6
33. Qb8 Qxb8 34. Bxb8 gxh5 35. Kf4 Rxa2 36. Be5 Bd3 37. Bf1 Rxg2 38. Bxg2
a5 39. e4 Bc4 40. Ke3 a4 41. Bd6 Ba5 0-1

[Event "TCh-FRA Top 16"]
[Site "Asnieres sur Seine FRA"]
[Date "2006.05.05"]
[Round "9"]
[White "Buhmann,R"]
[Black "Sokolov,And1"]
[Result "1/2-1/2"]
[WhiteElo "2546"]
[BlackElo "2632"]
[EventDate "2006.03.03"]

1. Nf3 Nf6 2. c4 e6 3. Nc3 d5 4. d4 Be7 5. Bg5 O-O 6. e3 Nbd7 7. Qc2 c5 8.
Rd1 cxd4 9. Nxd4 dxc4 10. Bxc4 Qa5 11. Bh4 Ne5 12. Bb3 Ng6 13. Bg3 Nh5 14.
O-O Nxg3 15. hxg3 Bd7 16. Nf5 Bc6 17. Nxe7+ 1/2-1/2

[Event "TCh-FRA Top 16"]
[Site "Asnieres sur Seine FRA"]
[Date "2006.05.05"]
[Round "9"]
[White "Bricard,E"]
[Black "Galdunts,S"]
[Result "0-1"]
[WhiteElo "2473"]
[BlackElo "2485"]
[EventDate "2006.03.03"]

1. c4 e6 2. g3 d5 3. Bg2 Nf6 4. Nf3 c5 5. O-O Nc6 6. d4 Be7 7. dxc5 Bxc5 8.
a3 O-O 9. b4 Bb6 10. Bb2 Qe7 11. Nbd2 Rd8 12. Qc2 e5 13. cxd5 Nxd5 14. e3
a6 15. Ne4 Bf5 16. Nh4 Be6 17. Rac1 Rac8 18. Qe2 f6 19. Rfd1 a5 20. bxa5
Nxa5 21. Rxc8 Rxc8 22. Rxd5 Bxd5 23. Nxf6+ Qxf6 24. Bxd5+ Kh8 25. Qh5 Rf8
26. Nf3 Bc7 27. Bxe5 Bxe5 28. Qxe5 Qxe5 29. Nxe5 g6 30. Nc4 Nxc4 31. Bxc4
Ra8 32. Bd5 Ra7 33. a4 Kg7 34. Kg2 Kf6 35. f4 Ke7 36. g4 Kd6 37. Bb3 Kc5
38. Kf3 b6 39. g5 Kb4 40. Bc2 Kc3 41. Bb1 Rxa4 42. f5 gxf5 43. Bxf5 Ra7 44.
h4 b5 45. h5 b4 46. g6 hxg6 47. hxg6 b3 48. Bb1 b2 49. Ke4 Ra5 50. Kf3 Kd2
51. Kg4 Ra1 52. Bf5 Kxe3 0-1

[Event "TCh-FRA Top 16"]
[Site "Asnieres sur Seine FRA"]
[Date "2006.05.05"]
[Round "9"]
[White "Pinter,J"]
[Black "Wirig,A"]
[Result "1-0"]
[WhiteElo "2530"]
[BlackElo "2410"]
[EventDate "2006.03.03"]

1. d4 Nf6 2. c4 e6 3. Nf3 Bb4+ 4. Bd2 Bxd2+ 5. Qxd2 O-O 6. g3 d5 7. Bg2
Nbd7 8. O-O c6 9. Rc1 b6 10. b3 Bb7 11. Qf4 Rc8 12. Nc3 dxc4 13. bxc4 c5
14. d5 exd5 15. Nh4 Nh5 16. Qd2 Ne5 17. Nxd5 g6 18. f4 Bxd5 19. cxd5 Nc6
20. Nf3 Na5 21. e4 c4 22. Nd4 Rc5 23. Rab1 Qd7 24. Ne2 Rb8 25. e5 Ng7 26.
Nc3 Rcc8 27. d6 Kh8 28. Nd5 Rd8 29. Nf6 Qc8 30. Rb5 a6 31. Rd5 Nb7 32. g4
Ne6 33. f5 Nf8 34. d7 Qc6 35. e6 fxe6 36. Qc3 1-0

[Event "TCh-FRA Top 16"]
[Site "Asnieres sur Seine FRA"]
[Date "2006.05.05"]
[Round "9"]
[White "Riff,JN"]
[Black "Schlosser,P"]
[Result "1/2-1/2"]
[WhiteElo "2444"]
[BlackElo "2560"]
[EventDate "2006.03.03"]

1. e4 e6 2. d4 d5 3. Nc3 Bb4 4. exd5 exd5 5. Bd3 Nc6 6. a3 Ba5 7. Nge2 Nge7
8. O-O O-O 9. Be3 Bf5 10. Ng3 Bxd3 11. Qxd3 Bxc3 12. Qxc3 Qd7 13. Rfe1 Rae8
14. Qd2 Ng6 15. f3 f6 16. Re2 Nd8 17. Rae1 b6 18. Nh5 Ne6 19. Nf4 Kf7 20.
Nxe6 Rxe6 21. Bf4 Rxe2 1/2-1/2

[Event "TCh-FRA Top 16"]
[Site "Asnieres sur Seine FRA"]
[Date "2006.05.05"]
[Round "9"]
[White "Netzer,Je"]
[Black "Kurmann,O"]
[Result "1-0"]
[WhiteElo "2362"]
[BlackElo "2296"]
[EventDate "2006.03.03"]

1. e4 c5 2. Nf3 e6 3. d4 cxd4 4. Nxd4 Nc6 5. Nc3 a6 6. Nxc6 bxc6 7. e5 Qc7
8. f4 d5 9. exd6 Bxd6 10. g3 Nf6 11. Bg2 O-O 12. O-O Rb8 13. b3 Rd8 14. Qe1
c5 15. Na4 c4 16. Bd2 Rb5 17. Bc3 Nd5 18. Bd4 cxb3 19. cxb3 Bb7 20. Rc1 Qe7
21. Qe2 Nb4 22. Bxb7 Qxb7 23. Rc4 Nc6 24. Bf2 Na7 25. Nc3 Rf5 26. Rd1 Bc7
27. Rxd8+ Bxd8 28. Qd3 Qb8 29. Qd7 Kf8 30. g4 Ra5 31. b4 Ra3 32. Bc5+ 1-0